| 000 | 00000nam##2200000za#4500 |
| 001 | 9.658564 |
| 003 | CaOODSP |
| 005 | 20200330140739 |
| 007 | ta |
| 008 | 150407|1996||||xxc||||| f|0| 0 fre|d |
| 020 | |a0-662-62442-4 |
| 040 | |aCaOODSP|bfre |
| 041 | |aeng |
| 041 | |afre |
| 043 | |an-cn--- |
| 086 | 1 |aM22-123/1996 |
| 110 | 1 |aCanada. |bRessources naturelles Canada. |
| 245 | 10|aRéponse du gouvernement fédéral au rapport provisoire du Comité permanent des ressources naturelles intitulé Rationalisation de la réglementation environnementale régissant l'exploitation minière / |cPar l'honorable A. Anne McLellan, ministre des Ressources naturelles. |
| 260 | |aOttawa - Ontario : |bRessources naturelles Canada |c1996. |
| 300 | |aTexte français, 26p. ; |c28 cm. |
| 500 | |aDéposée à la Chambre des communes. |
| 546 | |aBilingue |
| 563 | |aCouverture souple |
| 590 | |a96-32|b1996-08-09 |
| 691 | 07|aIndustrie minière|2gcpds |
| 720 | 1 |aMcLellan, A. Anne |
| 776 | 0#|tRéponse du gouvernement fédéral au rapport provisoire du Comité permanent des ressources naturelles intitulé : |w(CaOODSP)9.642541 |
| 776 | 0#|tThe federal governments's response to the interim report of the Standing Committee on Natural Resources : |w(CaOODSP)9.698534 |
| 791 | |tThe federal governments's response to the interim report of the Standing Committee on Natural Resources: Streamlining environmental regulation for mining / |eeng|w(CaOODSP)9.658563 |